| 000 | 00515nam a2200181 a 4500 | ||
|---|---|---|---|
| 005 | 20140310183259.0 | ||
| 008 | 970101s19uu xx 00 eng d | ||
| 020 | _a0451628055 | ||
| 050 |
_aBL 820.O3 _b.H766 1937 |
||
| 100 | _aHomer | ||
| 245 |
_aThe Odyssey : _cHomer ; translated by W. H. D. Rouse. _bthe story of the Odyseus / |
||
| 260 |
_aNew York : _bPenguin Group, _c1937. |
||
| 300 |
_a304 p. : _c17 cm. |
||
| 500 | _a"A Mentor Book" | ||
| 650 | _aHomer. Odyssey. | ||
| 942 |
_cBK _2lcc |
||
| 999 |
_c20910 _d20910 |
||